Reverberaciones (Record no. 1432)

MARC details
000 -LEADER
campo de control de longitud fija 00977nam a2200145 4500
008 - DATOS DE LONGITUD FIJA--INFORMACIÓN GENERAL
campo de control de longitud fija 708 M941r
020 ## - NÚMERO INTERNACIONAL ESTÁNDAR DEL LIBRO
Número Internacional Estándar del Libro 9786070290473
082 ## - NÚMERO DE LA CLASIFICACIÓN DECIMAL DEWEY
Número de clasificación 708
Número de ítem M941r
100 ## - ENTRADA PRINCIPAL--NOMBRE DE PERSONA
Nombre de persona García, Pilar (curaduría); Martínez, Israel; Macías-Rodríguez, Valeria; Morales-Villalobos, Marco; Sánchez, María de la Luz; Myers, Robin (traductor)
9 (RLIN) 6250
245 ## - MENCIÓN DEL TÍTULO
Título Reverberaciones
Resto del título Arte y Sonido en las colecciones del MUAC
260 ## - PUBLICACIÓN, DISTRIBUCIÓN, ETC.
Lugar de publicación, distribución, etc. Ciudad de México
Nombre del editor, distribuidor, etc. Museo Universitario de Arte Contemporáneo
Fecha de publicación, distribución, etc. 2017
300 ## - DESCRIPCIÓN FÍSICA
Extensión 152 p.
Otras características físicas ill (col)
Dimensiones 22 x 16 cm
505 ## - NOTA DE CONTENIDO CON FORMATO
Título Reverberaciones: arte y sonido en las colecciones de MUAC, Pilar García
-- una imagen no para los ojos hecha con palabras no para las orejas, Luz María Sánchez
-- Un divorcio innecesario, Israel Martínez
-- Comentario a las obras, Valeria Macías Rodríguez y Marco Morales Villalobos
-- Catálogo
-- Créditos
650 ## - PUNTO DE ACCESO ADICIONAL DE MATERIA--TÉRMINO DE MATERIA
Subdivisión general arte contemporáneo
-- arte exhibiciones
-- arte multimedia
-- arte sonido
-- arte México
-- MUAC - México
-- arte colecciones
9 (RLIN) 6251
Holdings
Estatus retirado Estado de pérdida Fuente del sistema de clasificación o colocación Estado de daño No para préstamo Biblioteca de origen Biblioteca actual Ubicación en estantería Fecha de adquisición Total de préstamos Signatura topográfica completa Código de barras Visto por última vez Precio de reemplazo Tipo de ítem Koha
    Clasificación Decimal Dewey     Biblioteca LadoV Biblioteca LadoV   28/04/2018   708 M941r 004574 28/04/2018 28/04/2018 Material 01